000 00572nam a2200205Ia 4500
005 20250508164550.0
008 008 250505s9999 xx 000 0 hin d
037 _aTextual
040 _aFEDL
_beng
_cFEDL
041 _ahin
_2hin
084 _a371.307 8, GUP
_qFEDL
100 _aGupta Arvind
245 0 _aKhel khel mein: Vigyan ke kuch saste saral aur rochak prayog
260 _aBhopal, India
_bEklavya
_c1994
300 _a48p.
365 _aINR
_b9
546 _aMACESE books
942 _cTEXL
_h371.307 8, GUP
999 _c1389843
_d1389843